Nová jednotná štruktúra miestnej štátnej správy platná od 1. októbra 2013

Návrhom zákona o organizácii miestnej štátnej správy a o zmene a doplnení niektorých zákonov sa realizujú zámery a ciele vytýčené Programovým vyhlásením vlády SR na roky 2012 až 2016 v časti verejná správa. Návrh zákona nadväzuje na zákon č. 345/2012 Z. z. o niektorých opatreniach v miestnej štátnej...

Ausführliche Beschreibung

Gespeichert in:
Bibliographische Detailangaben
1. Verfasser: Neupauerová, Zuzana
Format: Buchkapitel
Sprache:Slowakisch
Schlagworte:
Tags: Tag hinzufügen
Keine Tags, Fügen Sie das erste Tag hinzu!

MARC

LEADER 00000naa a2200000 4500
001 0169769
005 20240502072936.3
041 0 |a slo 
044 |a SK 
245 1 0 |a Nová jednotná štruktúra miestnej štátnej správy platná od 1. októbra 2013  |c Zuzana Neupauerová 
520 |a Návrhom zákona o organizácii miestnej štátnej správy a o zmene a doplnení niektorých zákonov sa realizujú zámery a ciele vytýčené Programovým vyhlásením vlády SR na roky 2012 až 2016 v časti verejná správa. Návrh zákona nadväzuje na zákon č. 345/2012 Z. z. o niektorých opatreniach v miestnej štátnej správe a o zmene a doplnení niektorých zákonov, ktorým boli s účinnosťou k 1. januáru 2013 zrušené špecializované miestne orgány štátnej správy s pôsobnosťou na území kraja. 
610 2 0 |a správa štátna 
610 2 0 |a správa verejná 
610 2 0 |a legislatíva 
100 1 |a Neupauerová, Zuzana